000 00228nam a22001097a 4500
041 _aENG
245 _aErosion Conservation And Small Scale Farming
260 _aDelhi
_bISCO
_c1989
300 _a582
650 _a48
856 _u48
999 _c3101
_d3101